000
00336nam a2200133Ia 4500
008
240624s9999 xx 000 0 und d
041
_a
eng
082
_a
352.3802854678 PAN
100
_a
PANI NIRANJAN
245
_a
E GOVERNANCE
260
_c
2009
_a
Mumbai
_b
Himalaya Books Pvt. Ltd.
300
_a
287 : p. : cm. ; 23
365
_c
RS
_b
25
999
_c
14841
_d
14841